000 00692cam a22002411 4500
001 26857
003 BD-RjUL
005 20211209051057.0
008 140323s19661963enkab b 001 0 eng
035 _a(BD-RjUL)
040 _aDLC
_cDLC
_dDLC
_beng
041 _aeng
082 0 0 _a901.92
_bPOM 1966
100 1 _aPower, Eileen,
_d1889-1940.
_96155
245 1 0 _aMedieval people /
_cEileen Power,
250 _a[10th ed.]
260 _aLondon :
_bMethuen;
_aNew York :
_bBarnes & Noble,
_cC1963 reprinting 1966
300 _axii, 210 p. :
_billus., fold. map. ;
_c22 cm.
504 _aincludes index
650 0 _aCivilization, Medieval.
_982543
942 _2ddc
_cBK
999 _c26857
_d26857